SD Amorebieta Squad 2023-2024 - Statistics

General Stats
  • This quiz has been taken 5 times
  • The average score is 10 of 30
Answer Stats
# Position Nation Player % Correct
29 FW Spain Ángel Troncho
50%
8 MF Spain Erik Morán
50%
23 FW Spain Iker Unzueta
50%
6 MF Venezuela Jorge Yriarte
50%
24 DF Spain Josep Gayá
50%
7 FW Spain Josué Dorrio
50%
19 FW Curaçao Jürgen Locadia
50%
27 FW Colombia Luis Quintero
50%
4 DF Spain Manu Hernando
50%
30 GK Spain Pablo Cuñat
50%
5 DF Spain Unai Bustinza
50%
3 DF Spain Xabi Etxeita
50%
21 MF Spain Àlex Carbonell
25%
15 DF Spain Álvaro Núñez
25%
29 FW Italy Cosimo da Graça
25%
16 DF Spain Daniel Lasure
25%
9 FW Spain Eneko Jauregi
25%
28 DF Spain Félix Garreta
25%
11 DF Spain Iker Seguín
25%
14 MF Spain Javi Eraso
25%
19 FW Spain Javier Avilés
25%
13 GK Spain Jonmi Magunagoitia
25%
22 FW Spain Jon Morcillo
25%
20 MF Ghana Kwasi Sibo
25%
10 MF Australia Ryan Edwards
25%
1 GK Spain Unai Marino
25%
- Coach Spain Haritz Mújika
0%
- Coach Spain Jandro Castro
0%
2 DF Spain Jorge Mier
0%
17 FW Spain Rayco Rodríguez
0%
No matching quizzes found
Score Distribution
Percent of People with Each Score
Percentile by Number Answered
Your Score History
You have not taken this quiz